000
00271nam a2200097Ia 4500
082
_a
305.3101576 SYKE
245
0
_a
Adam's curse : a future without men
100
_a
SYKES, Bryan New York, 2003
_9
75561
942
_c
BK
008
210817s9999 xx 000 0 und d
999
_c
250105
_d
250104